Nghiên cứu tổng hợp dẫn xuất Naphthalene và khảo sát hoạt tính sinh học : Luận văn tốt nghiệp Cao học. Chuyên ngành Hóa hữu cơ

Đề tài nghiên cứu nhằm tìm ra nhóm chất mới có nhiều tiềm năng về hoạt tính sinh học ứng dụng trong y học.

Guardado en:
Detalles Bibliográficos
Autor principal: Trần, Thảo Phương
Formato: Libro
Lenguaje:Undetermined
Publicado: Cần Thơ Trường Đại Học Cần Thơ 2015
Materias:
Etiquetas: Agregar Etiqueta
Sin Etiquetas, Sea el primero en etiquetar este registro!
Thư viện lưu trữ: Trung tâm Học liệu Trường Đại học Cần Thơ
LEADER 01043nam a2200229Ia 4500
001 CTU_205831
008 210402s9999 xx 000 0 und d
082 |a 547.2 
082 |b Ph561 
088 |a 60440114 
100 |a Trần, Thảo Phương 
245 0 |a Nghiên cứu tổng hợp dẫn xuất Naphthalene và khảo sát hoạt tính sinh học : 
245 0 |b Luận văn tốt nghiệp Cao học. Chuyên ngành Hóa hữu cơ 
245 0 |c Trần Thảo Phương ; Bùi Thị Bửu Huê (Cán bộ hướng dẫn) 
260 |a Cần Thơ 
260 |b Trường Đại Học Cần Thơ 
260 |c 2015 
520 |a Đề tài nghiên cứu nhằm tìm ra nhóm chất mới có nhiều tiềm năng về hoạt tính sinh học ứng dụng trong y học. 
650 |a Hợp chất hữu cơ,Organic compounds 
650 |x Tổng hợp,Synthesis 
904 |i Hải 
980 |a Trung tâm Học liệu Trường Đại học Cần Thơ